000 00936nam a2200253Ia 4500
003 OSt
005 20221005113330.0
006 a|||||r|||| 00| 0
007 ta
008 221004b |||||||| |||| 00| 0 eng d
020 _a9788130200996
_c150
024 _a117488
037 _b623, 07/03/2012, H.K. Prakashan
_cTextual
040 _aCRL
_cCRL
_beng
041 _2eng
_aeng
082 _aO111,2J64,BH, 153Q1
100 _aਕੇਰਨਕਰਾਸ, ਐ੍ਵਡਰੂ ਸ, ਥਦ।
_9624503
245 0 _aਬਾਦਾਹ ਹੈਨਰੀ ਛੇਵਾਂ
260 _aਪਟਿਆਲਾ
_bਪਬਲੀਕੇਨ ਬਿਊਰੋ ਭਾਰਤ
_c2011
300 _a93ਪੰ
_ccm.
650 _aਅੰਗ੍ਰੇਜੀ ਸਾਹਿਤ
942 _hO111,2J64,BH, 153Q1
_cTEXL
_2cc
999 _c1027829
_d1027829